Detalles MARC
| 000 -LÍDER |
| Campo fijo de descripción fija |
00920nam a22002417a 4500 |
| 003 - IDENTIFICADOR DEL NÚMERO DE CONTROL |
| Campo de control |
BCEG |
| 005 - FECHA Y HORA DE LA ULTIMA TRANSACCIÓN |
| control field |
20260325115853.0 |
| 008 - ELEMENTOS DE LONGITUD FIJA -- INFORMACIÓN GENERAL |
| Campo fijo de descripción fija -- Información general |
260325s2008 mx|||||| |||| 00| 0 spa d |
| 020 ## - ISBN |
| Isbn |
9789680303854 |
| 040 ## - FUENTE DE CATALOGACIÓN |
| Agencia de catalogación original |
BCEG |
| Idioma de catalogación |
spa |
| Agencia que realiza la transcripción |
BCEG |
| 082 04 - NÚMERO DE CLASIFICACIÓN DECIMAL DEWEY |
| Número de clasificación |
333.95972 |
| Clave de autor-Numero de item |
B669p |
| 100 1# - ASIENTO PRINCIPAL--NOMBRE PERSONAL |
| Nombre del autor personal |
Boege, Eckart, |
| Fechas asociadas con el nombre |
1946-. |
| 245 13 - TÍTULO PROPIAMENTE DICHO |
| Título |
El patrimonio biocultural de los pueblos indígenas de México |
| Otra información sobre el título - Subtitulo |
: hacia la conservación in situ de la biodiversidad y agrodiversidad de los territorios indígenas. |
| 260 ## - PUBLICACIÓN, DISTRIBUCIÓN, ETC. (PIE DE IMPRENTA) |
| Lugar de publicación, distribución, etc. |
México : |
| Nombre del editor, distribuidor, etc. |
Instituto Nacional de Antropología e Historia : |
| -- |
Comisión Nacional para el Desarrollo de los Pueblos Indígenas, |
| Fecha de publicación, distribución, etc. |
2008. |
| 300 ## - DESCRIPCIÓN FÍSICA |
| Extensión |
342 p. |
| Otros detalles físicos |
: fots. |
| 504 ## - NOTA DE BIBLIOGRAFÍA, ETC. |
| Nota de bibliografía, etc |
Incluye bibliografía. |
| 541 ## - NOTA DE FUENTE INMEDIATA DE ADQUISICIÓN |
| Nota de fuente de adquisición |
Compra. |
| 650 14 - ASIENTO SECUNDARIO DE MATERIA - TERMINO TEMÁTICO |
| Término temático o nombre geográfico como elemento de entrada |
Patrimonio biocultural |
| Subdivisión geográfica |
México. |
| 650 14 - ASIENTO SECUNDARIO DE MATERIA - TERMINO TEMÁTICO |
| Término temático o nombre geográfico como elemento de entrada |
Conservación de la biodiversidad |
| Subdivisión geográfica |
México. |
| 650 14 - ASIENTO SECUNDARIO DE MATERIA - TERMINO TEMÁTICO |
| Término temático o nombre geográfico como elemento de entrada |
Medio ambiente |
| Subdivisión geográfica |
México. |
| 650 14 - ASIENTO SECUNDARIO DE MATERIA - TERMINO TEMÁTICO |
| Término temático o nombre geográfico como elemento de entrada |
Indios de México. |
| 942 ## - TIPO DE MATERIAL (KOHA) |
| Tipo de Item KOHA |
Libro |